Caracterización preliminar de la comunidad de reptiles de un sector de la serranía del Perijá, Colombia (Registro nro. 14627)

Detalles MARC
000 -CABECERA
Campo de control 005050000a22001450004500
090 ## - CLASIFICACIÓN LOCAL
Colección AS
Consecutivo Seriadas
041 0# - IDIOMA
Código de idioma para texto/pista de sonido o título separado
100 1# - ASIENTO PRINCIPAL--NOMBRE PERSONAL
Nombre personal Hernández Ruz, Emil José
245 10 - MENCION DE TITULO
Título Caracterización preliminar de la comunidad de reptiles de un sector de la serranía del Perijá, Colombia
700 1# - ASIENTO SECUNDARIO - NOMBRE PERSONAL
Nombre personal Castaño M., Olga Victoria
700 1# - ASIENTO SECUNDARIO - NOMBRE PERSONAL
Nombre personal Cárdenas A., Gladys
700 1# - ASIENTO SECUNDARIO - NOMBRE PERSONAL
Nombre personal Galvis Peñuela, Pedro Alberto
773 1# - Item fuente:
Título Caldasia
Especificación de materiales 45
Descripción física 2
Paginas del Articulo 475-489
Lugar, editorial y fecha de publicación 2001
Información sobre la relación 23
942 ## - ELEMENTOS ADICIONALES (KOHA)
Tipo de ítem Artículo

No hay ítems disponibles.